Guess The App Logo! - Statistics

General Stats
  • This quiz has been taken 180 times
  • The average score is 19 of 24
Answer Stats
Picture Answer % Correct
Facebook
95%
Snapchat
94%
Tik Tok
94%
Instagram
92%
Netflix
90%
You Tube
89%
Spotify
88%
Pay Pal
85%
Amazon
84%
Google Maps
84%
Twitter
84%
Reddit
81%
WhatsApp
81%
Discord
79%
Duolingo
77%
Pinterest
77%
Chat Gpt
75%
Twitch
75%
CapCut
73%
Tinder
72%
Messenger
65%
Zoom
63%
Threads
51%
Shazam
48%
No matching quizzes found
Score Distribution
Percent of People with Each Score
Percentile by Number Answered
Your Score History
You have not taken this quiz